Online
Catalog

L'invenzione del volo : (Record no. 45467)

MARC details
000 -CABECERA
campo de control de longitud fija 00860nam a2200205 a 4500
001 - NÚMERO DE CONTROL
campo de control 000045978
005 - FECHA Y HORA DE LA ÚLTIMA TRANSACCIÓN
campo de control 20201002052546.0
008 - DATOS DE LONGITUD FIJA--INFORMACIÓN GENERAL
campo de control de longitud fija 150605s2010 it 000 p spa d
020 ## - NÚMERO INTERNACIONAL ESTÁNDAR DEL LIBRO
Número Internacional Estándar del Libro 9788849706819
040 ## - FUENTE DE LA CATALOGACIÓN
Centro catalogador/agencia de origen DO-SdBNP
Lengua de catalogación spa
Centro/agencia transcriptor BNPHU
082 ## - NÚMERO DE LA CLASIFICACIÓN DECIMAL DEWEY
Número de clasificación xxxx
Número de documento/Ítem xxxx
245 00 - MENCIÓN DE TÍTULO
Título L'invenzione del volo :
Resto del título cento poesie da Santo Domingo /
Mención de responsabilidad, etc. a cura di Danilo Manera.
260 ## - PUBLICACIÓN, DISTRIBUCIÓN, ETC.
Lugar de publicación, distribución, etc. Nardò, LE :
Nombre del editor, distribuidor, etc. Salento Books,
Fecha de publicación, distribución, etc. 2010.
300 ## - DESCRIPCIÓN FÍSICA
Extensión 183 p. ;
Dimensiones 21 cm.
490 1# - MENCIÓN DE SERIE
Mención de serie Nuove Lune
Designación de volumen o secuencia 32
500 ## - NOTA GENERAL
Nota general Incluye datos biográficos del autor en la solapa de la cubierta
505 0# - NOTA DE CONTENIDO CON FORMATO
Nota de contenido con formato Presentazione notizie sugli autori --
Título Ángela Hernández --
-- José Mármol --
-- Soledad Álvarez --
-- Plinio Chahín --
-- Rosa Silverio --
-- Basilio Belliard --
-- José Rafael Lantigua --
-- Tomás Castro Burdiez --
700 12 - PUNTO DE ACCESO ADICIONAL--NOMBRE DE PERSONA
Nombre de persona Manera, Danilo,
Fechas asociadas al nombre 1957-
9 (RLIN) 74048
830 #0 - PUNTO DE ACCESO ADICIONAL DE SERIE-TÍTULO UNIFORME
Título uniforme Nuove Lune.
Número de parte o sección de la obra 32
9 (RLIN) 74049
Holdings
Estado de retiro Estado de pérdida Restricciones de uso No para préstamo Código de colección Localización permanente Ubicación/localización actual Ubicación en estantería Fecha de adquisición Número de inventario Total de préstamos Signatura topográfica completa Código de barras Fecha visto por última vez Precio válido a partir de Tipo de ítem Koha
      Excluido de préstamo Monografías: Libros y Folletos Patrimonio Dominicano Patrimonio Dominicano En catalogación 05.06.2015 LF1   xxxx xxxx 45978-10 25.06.2020 25.06.2020 No se presta

Powered by Koha